[Event "IV Torneo B"]
[Site "Assisi ITA"]
[Date "2008.12.21"]
[Round "4"]
[White "Bassini, Massimo"]
[Black "Cicioni, Luigi"]
[Result "1/2-1/2"]
[WhiteElo "1545"]
[BlackElo "1673"]
[PlyCount "61"]
[EventDate "2008.12.20"]

1. d4 d5 2. Nf3 Nf6 3. c4 c6 4. Bf4 Qb6 5. b3 dxc4 6. bxc4 g6 7. e3 Bg7 8. Be2
c5 9. Ne5 cxd4 10. exd4 Nc6 11. Nxc6 bxc6 12. O-O Qb2 13. Bf3 Bd7 14. Nd2 Qxd4
15. Be3 Qd6 16. Qe2 O-O 17. Rad1 Qc7 18. Nb3 Rfd8 19. Rd2 a5 20. Rfd1 a4 21.
Nc5 Be8 22. Bf4 Rxd2 23. Qxd2 e5 24. Bg3 Qb6 25. Qd6 e4 26. Nxe4 Nxe4 27. Bxe4
Bf8 28. Qf6 Bg7 29. Qd6 Bf8 30. Qf6 Bg7 31. Qd6 1/2-1/2

[Event "IV Torneo B"]
[Site "Assisi ITA"]
[Date "2008.12.21"]
[Round "4"]
[White "Cesarini, Leopoldo"]
[Black "Sorbelli, Massimo"]
[Result "1-0"]
[WhiteElo "1920"]
[BlackElo "1929"]
[PlyCount "120"]
[EventDate "2008.12.20"]

1. Nf3 Nf6 2. d4 d5 3. b3 g6 4. Nbd2 Bg7 5. e3 Nbd7 6. Bd3 c5 7. Bb2 O-O 8. O-O
Re8 9. Bb5 a6 10. Bxd7 Nxd7 11. c4 cxd4 12. exd4 e6 13. Qc2 b6 14. cxd5 exd5
15. Rfe1 Rxe1+ 16. Rxe1 Bb7 17. Qd3 Rc8 18. Nf1 Rc6 19. Ne3 Nf8 20. Ng4 f6 21.
Ne3 b5 22. h4 Ne6 23. g3 Qd7 24. Kg2 Bc8 25. Rh1 Nf8 26. h5 g5 27. h6 Bh8 28.
Qd2 Ng6 29. Nc2 a5 30. Nce1 b4 31. Nd3 Re6 32. Nc5 Qc6 33. Nxe6 Qxe6 34. Qe3
Qd7 35. Ne1 Ne7 36. Nd3 Kf7 37. Nc5 Qd6 38. Re1 g4 39. a3 f5 40. axb4 axb4 41.
Nd3 Bf6 42. Ne5+ Kf8 43. Ra1 Qc7 44. Rc1 Qd6 45. Qf4 Ke8 46. Re1 Qb6 47. Qc1
Bb7 48. Kg1 Kd8 49. Qc2 Bxe5 50. Rxe5 Qxh6 51. Bc1 Qf6 52. Qc5 h5 53. Qxb4 Bc8
54. Qa5+ Kd7 55. Qb5+ Kc7 56. Bd2 Nc6 57. Rxd5 Bb7 58. Bf4+ Kc8 59. Rd6 Qf7 60.
Rxc6+ Bxc6 1-0

[Event "IV Torneo B"]
[Site "Assisi ITA"]
[Date "2008.12.21"]
[Round "4"]
[White "Colabrese, Cary"]
[Black "Zenatto, Giuliano"]
[Result "0-1"]
[WhiteElo "1598"]
[BlackElo "1762"]
[PlyCount "60"]
[EventDate "2008.12.20"]

1. d4 Nf6 2. c4 g6 3. Nc3 d5 4. e3 Bg7 5. Bd3 O-O 6. Nge2 e6 7. O-O b6 8. f3
Bb7 9. cxd5 Nxd5 10. Ng3 h6 11. a3 Nd7 12. Nce2 c5 13. e4 N5f6 14. Be3 Qe7 15.
Rc1 Rac8 16. Rc2 Rfd8 17. Qb1 Ne8 18. e5 Nxe5 19. Bb5 cxd4 20. Rxc8 Bxc8 21.
Nxd4 Bb7 22. Rc1 a6 23. Be2 Rc8 24. Nb3 Rxc1+ 25. Qxc1 Bd5 26. Nd2 Qb7 27. Qf1
b5 28. h4 Nd6 29. Bc5 Ndc4 30. Bf2 Nxd2 0-1

[Event "IV Torneo B"]
[Site "Assisi ITA"]
[Date "2008.12.21"]
[Round "4"]
[White "Mannori, Giampaolo"]
[Black "Seravelli, Paolo"]
[Result "0-1"]
[WhiteElo "1515"]
[BlackElo "1810"]
[PlyCount "48"]
[EventDate "2008.12.20"]

1. e4 e5 2. Nf3 Nc6 3. Bb5 a6 4. Ba4 Nf6 5. d3 Be7 6. c3 b5 7. Bc2 O-O 8. Nbd2
d5 9. Qe2 Bg4 10. Nf1 h6 11. h3 Bh5 12. Ng3 Bg6 13. Nh4 Bh7 14. Nhf5 d4 15. O-O
dxc3 16. bxc3 Bc5 17. Be3 Bxe3 18. Qxe3 Bg6 19. Rfd1 Qd7 20. d4 exd4 21. cxd4
Rfe8 22. f3 Bxf5 23. Nxf5 Qxf5 24. exf5 Rxe3 0-1

[Event "IV Torneo B"]
[Site "Assisi ITA"]
[Date "2008.12.21"]
[Round "4"]
[White "Marinucci, Johnny"]
[Black "Bertolini, Ettore"]
[Result "1-0"]
[WhiteElo "1746"]
[BlackElo "1890"]
[PlyCount "120"]
[EventDate "2008.12.20"]

1. d4 Nf6 2. Bf4 b6 3. e3 Bb7 4. Nd2 g6 5. Ngf3 Bg7 6. h3 d6 7. Be2 Nbd7 8. O-O
O-O 9. a4 Nh5 10. Bh2 c5 11. c3 e6 12. Nc4 d5 13. Nd6 Bc6 14. Ba6 Qe7 15. Nb5
Bxb5 16. axb5 Nb8 17. Qc2 f5 18. Be5 Nf6 19. Bxb8 Raxb8 20. Ne5 Ra8 21. Nc6 Qc7
22. dxc5 bxc5 23. Na5 Nd7 24. Bb7 Rab8 25. Bc6 Ne5 26. Qa4 c4 27. Ra2 Rf7 28.
Rd1 f4 29. e4 f3 30. g3 Rd8 31. exd5 Nxc6 32. Nxc6 Rxd5 33. Rxd5 exd5 34. Qxa7
Qd6 35. Qb8+ Bf8 36. Qxd6 Bxd6 37. Ra8+ Kg7 38. Ra7 Bc5 39. Rxf7+ Kxf7 40. Ne5+
Ke6 41. Nxf3 Kf5 42. Kf1 h6 43. Ke2 Ke4 44. Nd2+ Kf5 45. f3 g5 46. b3 cxb3 47.
Nxb3 Bd6 48. Nd4+ Kf6 49. Kf2 Bc5 50. f4 Kg6 51. Kf3 Kf6 52. fxg5+ hxg5 53. h4
gxh4 54. gxh4 Kg6 55. Kg4 Bb6 56. h5+ Kh7 57. Kf5 Ba5 58. Ne2 Kh6 59. Ke6 Kxh5
60. Nf4+ Kg5 1-0

[Event "IV Torneo B"]
[Site "Assisi ITA"]
[Date "2008.12.21"]
[Round "4"]
[White "Mazza, Daniele"]
[Black "Migliozzi, Giuseppe"]
[Result "0-1"]
[WhiteElo "1765"]
[BlackElo "1569"]
[PlyCount "112"]
[EventDate "2008.12.20"]

1. e4 d5 2. exd5 Qxd5 3. Nc3 Qa5 4. d4 Nf6 5. Nf3 Bf5 6. Bc4 e6 7. Bd2 c6 8.
Qe2 Nbd7 9. O-O-O Bb4 10. a3 Bxc3 11. Bxc3 Qc7 12. Kb1 b5 13. Bb3 O-O 14. Nh4
Rfe8 15. Nxf5 exf5 16. Qf3 Ne4 17. Qxf5 Nxc3+ 18. bxc3 Nb6 19. Rhe1 g6 20. Qd3
Qxh2 21. Qf3 Qc7 22. Rh1 Nc4 23. Bxc4 bxc4 24. Rde1 Qb6+ 25. Kc1 Rxe1+ 26. Rxe1
Rb8 27. Re7 Rf8 28. Qf6 Qa5 29. f4 Qxc3 30. Rxa7 Qe3+ 31. Kb2 Qe4 32. Qe5 Qxg2
33. f5 h5 34. fxg6 Qxg6 35. Ra5 Rd8 36. Qg5 Rxd4 37. Qxh5 Qxh5 38. Rxh5 Rd5 39.
Rh3 f5 40. Kc3 Kg7 41. Kxc4 Kg6 42. Rg3+ Kh5 43. a4 f4 44. Rf3 Kg4 45. Rf1 Kg3
46. a5 Rxa5 47. Kd3 Re5 48. Rg1+ Kf2 49. Rg6 c5 50. c3 f3 51. Kd2 c4 52. Rg8
Kf1 53. Rg7 f2 54. Rg8 Rh5 55. Rg4 Rh2 56. Rxc4 Kg1 0-1

[Event "IV Torneo B"]
[Site "Assisi ITA"]
[Date "2008.12.21"]
[Round "4"]
[White "Serafini, Gino"]
[Black "Tortolini, Francesco"]
[Result "1/2-1/2"]
[WhiteElo "1863"]
[BlackElo "1917"]
[PlyCount "100"]
[EventDate "2008.12.20"]

1. d4 e6 2. Bf4 Nf6 3. Nf3 c5 4. c3 Nc6 5. e3 d5 6. Nbd2 Qb6 7. Qb3 Qxb3 8.
Nxb3 cxd4 9. exd4 Ne4 10. Nbd2 Nxd2 11. Kxd2 Be7 12. Bd3 Bd7 13. h4 a6 14. Rhe1
b5 15. b4 O-O 16. a3 Rfc8 17. h5 Bd8 18. g4 Bc7 19. Bxc7 Rxc7 20. Re3 a5 21.
Ree1 Ne7 22. Ne5 Be8 23. f4 axb4 24. axb4 Rca7 25. Rxa7 Rxa7 26. Re3 Ra2+ 27.
Ke1 Ra1+ 28. Kf2 Rc1 29. Ke2 f5 30. Kd2 Rg1 31. gxf5 Nxf5 32. Bxf5 exf5 33. Rh3
g5 34. hxg6 Rg2+ 35. Ke3 hxg6 36. Nf3 Rc2 37. Kd3 Rf2 38. Rg3 Kg7 39. Ng5 Kf6
40. Nh3 Rf1 41. Ke2 Rh1 42. Re3 Rh2+ 43. Kd3 Bf7 44. Ng5 Rh4 45. Rf3 Rh1 46.
Rf2 Rd1+ 47. Kc2 Ra1 48. Kb2 Re1 49. Nf3 Re4 50. Ng5 Re1 1/2-1/2

[Event "IV Torneo B"]
[Site "Assisi ITA"]
[Date "2008.12.21"]
[Round "4"]
[White "Vannelli, Vittorio"]
[Black "Ciuchi, Francesco"]
[Result "1-0"]
[WhiteElo "1884"]
[BlackElo "1440"]
[PlyCount "33"]
[EventDate "2008.12.20"]

1. e4 e5 2. Nc3 Nf6 3. f4 d6 4. fxe5 dxe5 5. Nf3 Bg4 6. Bc4 Bxf3 7. Qxf3 Nc6 8.
d3 Bc5 9. Ne2 O-O 10. Bg5 Bb4+ 11. c3 Be7 12. Ng3 h6 13. Bxf6 Bxf6 14. Nf5 Ne7
15. Nxh6+ gxh6 16. Qxf6 Ng6 17. Qxg6+ 1-0

[Event "IV Torneo B"]
[Site "Assisi ITA"]
[Date "2008.12.21"]
[Round "4"]
[White "Verdi, Enea"]
[Black "Minelli, Francesco"]
[Result "0-1"]
[WhiteElo "1410"]
[BlackElo "1873"]
[PlyCount "58"]
[EventDate "2008.12.20"]

1. e4 c5 2. c3 d5 3. exd5 Qxd5 4. d4 Nc6 5. Nf3 Bg4 6. Be2 Nf6 7. c4 Qd8 8. d5
Bxf3 9. Bxf3 Nd4 10. Nc3 Nxf3+ 11. Qxf3 Qd7 12. Bf4 a6 13. O-O g6 14. Be5 Bg7
15. Ne4 Nh5 16. Bxg7 Nxg7 17. Nxc5 Qc7 18. Qc3 O-O 19. b4 Rac8 20. Rac1 Nf5 21.
Rc2 Nd6 22. Rfc1 b6 23. Nxa6 Qb7 24. c5 Qxa6 25. c6 Rc7 26. f3 Re8 27. Qb3 Ra8
28. Rb2 Qa3 29. Qd1 Qxb2 0-1

[Event "IV Torneo B"]
[Site "Assisi ITA"]
[Date "2008.12.22"]
[Round "5"]
[White "Bertolini, Ettore"]
[Black "Marcugini, Stefano"]
[Result "0-1"]
[WhiteElo "1890"]
[BlackElo "1931"]
[PlyCount "62"]
[EventDate "2008.12.20"]

1. e4 e6 2. d4 d5 3. Nc3 Nf6 4. Bg5 Be7 5. e5 Nfd7 6. Bxe7 Qxe7 7. f4 c5 8. Nb5
Kd8 9. c3 Nb6 10. Nd6 cxd4 11. cxd4 Nc6 12. Nf3 Rb8 13. Bb5 Bd7 14. O-O Nc8 15.
Nxc8 Rxc8 16. a3 Nxe5 17. Nxe5 Bxb5 18. Rf2 Kc7 19. a4 Bd7 20. Qb3 Kb8 21. a5
Rc7 22. Nd3 Rhc8 23. Nc5 Ka8 24. Rf3 a6 25. Qb6 Bb5 26. Na4 Rc6 27. Rc3 Rxc3
28. Nxc3 Rc6 29. Nxb5 Rxb6 30. axb6 Qb4 31. Rc1 Kb8 0-1

[Event "IV Torneo B"]
[Site "Assisi ITA"]
[Date "2008.12.22"]
[Round "5"]
[White "Ciuchi, Francesco"]
[Black "Bassini, Massimo"]
[Result "1/2-1/2"]
[WhiteElo "1440"]
[BlackElo "1545"]
[PlyCount "141"]
[EventDate "2008.12.20"]

1. e4 e5 2. Nf3 Nf6 3. Nxe5 d6 4. Nf3 Nxe4 5. Bc4 d5 6. Bb3 Bc5 7. d4 Bb6 8.
O-O O-O 9. c3 c5 10. h3 Nc6 11. Be3 cxd4 12. Nxd4 Nxd4 13. Bxd4 Qg5 14. Bxb6
Bxh3 15. Qf3 Bg4 16. Qe3 axb6 17. Qxg5 Nxg5 18. Bxd5 Rab8 19. Na3 Bd7 20. Nc4
Bb5 21. Rfd1 Bxc4 22. Bxc4 Rbc8 23. Bb3 Rc7 24. Rd5 Ne4 25. Rb5 Rd8 26. Rxb6
Rcd7 27. Re1 Nf6 28. Re2 Ng4 29. Kf1 g6 30. f3 Nh6 31. Ba4 Rc7 32. Ke1 Nf5 33.
Rd2 Re7+ 34. Re2 Rc7 35. Kf2 Kg7 36. Re1 Rd2+ 37. Re2 Rd8 38. Rb4 Kf6 39. g4
Ng7 40. Kg3 Ne6 41. Rbe4 h6 42. Bb3 Rc6 43. Rb4 b6 44. Bxe6 fxe6 45. Rf4+ Kg7
46. Rfe4 Kf6 47. Rf4+ Kg7 48. Rfe4 Kf6 49. Rh2 Kg7 50. Rhe2 Kf6 51. Rh2 Kg7 52.
Ra4 Rd7 53. Ra8 Rcd6 54. Ra6 b5 55. Rxd6 Rxd6 56. Re2 Kf6 57. Re4 Rd5 58. Rb4
Kg5 59. c4 bxc4 60. Rxc4 Rd2 61. Rb4 Rd1 62. a4 h5 63. Rb5+ Rd5 64. Rxd5+ exd5
65. a5 h4+ 66. Kh3 d4 67. a6 d3 68. a7 d2 69. a8=Q d1=Q 70. Qa5+ Kf4 71. Qb4+
1/2-1/2

[Event "IV Torneo B"]
[Site "Assisi ITA"]
[Date "2008.12.22"]
[Round "5"]
[White "Fratini, Mauro"]
[Black "Balducci, Alessandro"]
[Result "0-1"]
[WhiteElo "1940"]
[BlackElo "1828"]
[PlyCount "113"]
[EventDate "2008.12.20"]

1. d4 Nf6 2. Bf4 g6 3. e3 Bg7 4. h3 d5 5. Be2 c5 6. c3 cxd4 7. exd4 O-O 8. Nf3
Nc6 9. Nbd2 Bf5 10. O-O Re8 11. Bh2 Qd7 12. Re1 h6 13. a4 g5 14. Ne5 Qc8 15.
Bh5 Nxe5 16. dxe5 Nxh5 17. Qxh5 Qc6 18. Qe2 Rac8 19. Nb3 Be4 20. Nd4 Qc4 21.
Qxc4 Rxc4 22. f3 Bg6 23. Bg3 a6 24. a5 e6 25. Ra3 Rec8 26. Rea1 Bf8 27. R3a2
Bc5 28. Bf2 Kf8 29. b4 Be7 30. b5 Rxc3 31. bxa6 bxa6 32. Rb2 Bc5 33. Raa2 Bd3
34. Rb7 Rc4 35. Nb3 Bxf2+ 36. Kxf2 Rc2+ 37. Rxc2 Rxc2+ 38. Kg1 Rb2 39. Nc5 Rxb7
40. Nxb7 Ke7 41. Nc5 Bb5 42. Kf2 f6 43. exf6+ Kxf6 44. Ke3 Ke5 45. Nb3 Bf1 46.
Kf2 Bc4 47. Nc5 d4 48. Nd7+ Kd5 49. Nf6+ Kc5 50. Ng4 h5 51. Nf6 Kb5 52. Nxh5
Kxa5 53. f4 gxf4 54. Nxf4 Kb5 55. h4 e5 56. Ng6 e4 57. Nf4 0-1

[Event "IV Torneo B"]
[Site "Assisi ITA"]
[Date "2008.12.22"]
[Round "5"]
[White "Migliozzi, Giuseppe"]
[Black "Giri, Giovanni"]
[Result "0-1"]
[WhiteElo "1569"]
[BlackElo "1836"]
[PlyCount "96"]
[EventDate "2008.12.20"]

1. Nf3 Nf6 2. b3 g6 3. Bb2 Bg7 4. c4 O-O 5. d4 d6 6. e3 Nbd7 7. Bd3 Re8 8. d5
Nc5 9. Bc2 e5 10. dxe6 Nxe6 11. O-O Bd7 12. Nbd2 Bc6 13. Nd4 Nxd4 14. exd4 d5
15. Nf3 b6 16. Ne5 Bb7 17. c5 bxc5 18. dxc5 Ne4 19. Bxe4 Bxe5 20. Bxe5 Rxe5 21.
Bf3 Qe7 22. Qd4 c6 23. b4 Ba6 24. Rfd1 Re8 25. g3 Be2 26. Bxe2 Rxe2 27. Kg2
Qe4+ 28. Qxe4 R8xe4 29. Kf3 Rb2 30. a3 Ree2 31. Rf1 Kg7 32. Rae1 Re6 33. Rxe6
fxe6 34. Re1 Kf6 35. h4 e5 36. g4 e4+ 37. Kg3 a5 38. bxa5 Rb5 39. a6 Ra5 40.
g5+ Kf5 41. Rb1 Rxa3+ 42. Kg2 Rxa6 43. Rb7 Ra5 44. Rf7+ Kg4 45. Rxh7 Rxc5 46.
Rh6 Rc2 47. Kf1 Kf3 48. Rxg6 Rc1# 0-1

[Event "IV Torneo B"]
[Site "Assisi ITA"]
[Date "2008.12.22"]
[Round "5"]
[White "Minelli, Francesco"]
[Black "Vannelli, Vittorio"]
[Result "1/2-1/2"]
[WhiteElo "1873"]
[BlackElo "1884"]
[PlyCount "124"]
[EventDate "2008.12.20"]

1. e4 e5 2. Nf3 Nc6 3. Bb5 Nf6 4. O-O Nxe4 5. d4 Nd6 6. Bxc6 dxc6 7. dxe5 Nf5
8. Qxd8+ Kxd8 9. Rd1+ Ke8 10. b3 Be7 11. Bb2 Be6 12. Nbd2 Rd8 13. g4 Nh4 14.
Nxh4 Bxh4 15. h3 h5 16. f3 hxg4 17. hxg4 Bg5 18. Nf1 Bf4 19. Rxd8+ Kxd8 20.
Rd1+ Kc8 21. Kg2 Re8 22. Re1 b5 23. Bc1 Bxc1 24. Rxc1 Bd7 25. Re1 a5 26. Kg3 c5
27. f4 Kd8 28. f5 b4 29. Kf4 a4 30. Ne3 Rh8 31. Re2 axb3 32. axb3 Rh1 33. Rd2
Kc8 34. e6 fxe6 35. fxe6 Bxe6 36. g5 c4 37. bxc4 Bxc4 38. Nxc4 Rh4+ 39. Kf5
Rxc4 40. Kg6 Rg4 41. Rd5 Rg2 42. Rb5 Rxc2 43. Rxb4 Rg2 44. Rf4 Kd7 45. Rf7+ Ke6
46. Rxg7 c5 47. Kh7 c4 48. Rg8 Kd7 49. g6 Rh2+ 50. Kg7 c3 51. Ra8 c2 52. Ra1
Rd2 53. Rc1 Ke7 54. Kh7 Kf6 55. Rf1+ Ke5 56. g7 Rd1 57. Rxd1 cxd1=Q 58. g8=Q
Qh5+ 59. Kg7 Qg5+ 60. Kf8 Qd8+ 61. Kg7 Qf6+ 62. Kh7 Kd6 1/2-1/2

[Event "IV Torneo B"]
[Site "Assisi ITA"]
[Date "2008.12.22"]
[Round "5"]
[White "Parrini, Fabio"]
[Black "Verdi, Enea"]
[Result "1-0"]
[WhiteElo "1900"]
[BlackElo "1410"]
[PlyCount "39"]
[EventDate "2008.12.20"]

1. e4 e5 2. Nf3 Nc6 3. a3 Nf6 4. Nc3 d5 5. exd5 Nxd5 6. Ne4 Bg4 7. Bb5 f5 8.
Bxc6+ bxc6 9. Ng3 Nf4 10. O-O e4 11. Qe1 Bxf3 12. gxf3 Kf7 13. fxe4 Qh4 14. Qe3
Bc5 15. Qxc5 g5 16. Qxf5+ Kg7 17. d3 Nh3+ 18. Kg2 g4 19. Nh5+ Kg8 20. Qe6+ 1-0

[Event "IV Torneo B"]
[Site "Assisi ITA"]
[Date "2008.12.22"]
[Round "5"]
[White "Rampini, Carlo"]
[Black "Zenatto, Giuliano"]
[Result "1-0"]
[WhiteElo "1488"]
[BlackElo "1762"]
[PlyCount "69"]
[EventDate "2008.12.20"]

1. e4 c5 2. Nf3 d6 3. Bb5+ Nd7 4. O-O a6 5. Bc4 Ngf6 6. Nc3 g6 7. a4 Bg7 8.
Bxf7+ Kxf7 9. Ng5+ Kg8 10. Ne6 Qb6 11. a5 Qa7 12. b3 Nf8 13. Nxg7 Kxg7 14. f4
Bg4 15. Qe1 b5 16. axb6 Qxb6 17. Kh1 N8d7 18. e5 dxe5 19. fxe5 Nh5 20. Qh4 Qe6
21. Ra4 Rhf8 22. Re1 Rf4 23. Rxf4 Nxf4 24. d4 cxd4 25. Ne4 Nh5 26. Ng5 Qf5 27.
h3 Be2 28. g4 Bf3+ 29. Kg1 Qxc2 30. Nxf3 Rf8 31. Nxd4 Qc5 32. gxh5 Rf5 33. hxg6
h5 34. Qxe7+ Qxe7 35. Nxf5+ 1-0

[Event "IV Torneo B"]
[Site "Assisi ITA"]
[Date "2008.12.22"]
[Round "5"]
[White "Seravelli, Paolo"]
[Black "Ferri, Fabio"]
[Result "1/2-1/2"]
[WhiteElo "1810"]
[BlackElo "1845"]
[PlyCount "55"]
[EventDate "2008.12.20"]

1. e4 d5 2. exd5 Nf6 3. c4 c6 4. dxc6 Nxc6 5. h3 e5 6. d3 Bf5 7. Nc3 Bc5 8. Bg5
Qb6 9. Qd2 Bb4 10. a3 Bxc3 11. Qxc3 Nd4 12. Be3 Rd8 13. Nf3 Qd6 14. Bxd4 exd4
15. Qc2 O-O 16. O-O-O Rc8 17. Qa4 a6 18. Qb4 Qc7 19. Kb1 Rfd8 20. Re1 a5 21.
Qb5 Bd7 22. Qg5 Ba4 23. Qd2 b5 24. Rc1 Qb6 25. cxb5 Rxc1+ 26. Qxc1 Qxb5 27. Be2
Qb7 28. Qc4 1/2-1/2

[Event "IV Torneo B"]
[Site "Assisi ITA"]
[Date "2008.12.22"]
[Round "5"]
[White "Sorbelli, Massimo"]
[Black "Serafini, Gino"]
[Result "1-0"]
[WhiteElo "1929"]
[BlackElo "1863"]
[PlyCount "71"]
[EventDate "2008.12.20"]

1. d4 d5 2. c4 c6 3. Nc3 Nf6 4. Nf3 Bf5 5. b3 e6 6. Bd2 Nbd7 7. h3 h6 8. e3 Bd6
9. Be2 Rc8 10. c5 Bb8 11. b4 e5 12. dxe5 Nxe5 13. Nd4 Nd3+ 14. Bxd3 Bxd3 15.
Rc1 O-O 16. Qf3 Qd7 17. g4 Ne4 18. Qg2 Rce8 19. Nxe4 Rxe4 20. Bc3 Rfe8 21. Kd2
Bc4 22. g5 h5 23. g6 Be5 24. gxf7+ Qxf7 25. Rhe1 Qf6 26. f3 Rxe3 27. Rxe3 Bf4
28. Rce1 g5 29. Ne6 Qe5 30. Nxf4 Qxf4 31. Qg1 d4 32. Bxd4 Qxd4+ 33. Kc2 Rxe3
34. Qxg5+ Kf8 35. Qxe3 Qxe3 36. Rxe3 1-0

[Event "IV Torneo B"]
[Site "Assisi ITA"]
[Date "2008.12.22"]
[Round "5"]
[White "Tortolini, Francesco"]
[Black "Mazza, Daniele"]
[Result "1-0"]
[WhiteElo "1917"]
[BlackElo "1765"]
[PlyCount "145"]
[EventDate "2008.12.20"]

1. e4 c5 2. Nf3 d6 3. d4 cxd4 4. Nxd4 Nf6 5. Nc3 a6 6. f3 e5 7. Nb3 Be6 8. Be3
Be7 9. Be2 O-O 10. O-O d5 11. exd5 Nxd5 12. Nxd5 Bxd5 13. c4 Be6 14. Qxd8 Rxd8
15. Nc5 Bxc5 16. Bxc5 Nd7 17. Be7 Re8 18. Bh4 f6 19. Bf2 Rac8 20. Rac1 Red8 21.
Rfd1 Nb8 22. Bb6 Rxd1+ 23. Rxd1 Nc6 24. Rd6 Kf7 25. Bd3 f5 26. a3 Nb8 27. Rd8
Rxd8 28. Bxd8 Nc6 29. Bc7 Ke7 30. Kf2 Kd7 31. Bb6 g6 32. Ke3 Ne7 33. Kd2 Nc8
34. Bf2 Kc6 35. Kc3 Nd6 36. Be2 Bf7 37. Bg3 f4 38. Bh4 Be6 39. Bf6 Nf7 40. Bd3
Bf5 41. Be2 Kd6 42. b4 e4 43. Kd4 e3 44. c5+ Ke6 45. Bh4 g5 46. Bc4+ Ke7 47.
Bxf7 Kxf7 48. Bxg5 e2 49. Bh4 Kg6 50. Ke5 Kh5 51. Be1 Bd7 52. Kxf4 Kg6 53. Ke3
Bb5 54. g4 Kf6 55. f4 Ke6 56. Kd4 Kf6 57. h4 h6 58. Ke4 Bc6+ 59. Ke3 Bb5 60.
Bc3+ Kf7 61. f5 Ke7 62. g5 hxg5 63. hxg5 Kf7 64. g6+ Kg8 65. Kf4 Be8 66. Kg5
Bd7 67. f6 Be6 68. Kh6 Bd5 69. a4 Bb3 70. b5 axb5 71. axb5 Bc4 72. c6 bxc6 73.
bxc6 1-0

[Event "IV Torneo B"]
[Site "Assisi ITA"]
[Date "2008.12.22"]
[Round "6"]
[White "Balducci, Alessandro"]
[Black "Minelli, Francesco"]
[Result "1/2-1/2"]
[WhiteElo "1828"]
[BlackElo "1873"]
[PlyCount "124"]
[EventDate "2008.12.20"]

1. f4 c5 2. Nf3 Nc6 3. e3 d5 4. Bb5 Bd7 5. O-O g6 6. c4 e6 7. Nc3 Nge7 8. d4
dxc4 9. Bxc4 cxd4 10. Nxd4 a6 11. Ne4 Nd5 12. Nxc6 Bxc6 13. Qd4 f6 14. Bxd5
Bxd5 15. Nxf6+ Kf7 16. Nxd5 Bg7 17. Qb4 Qxd5 18. Bd2 Rhc8 19. Rad1 Rc2 20. e4
Qd4+ 21. Kh1 Qxb2 22. Qxb2 Bxb2 23. Be3 Ke7 24. Rd3 Rd8 25. Rxd8 Kxd8 26. Rd1+
Ke7 27. Kg1 Re2 28. Bc5+ Ke8 29. e5 Rc2 30. Bb6 Rc1 31. Rxc1 Bxc1 32. g3 Kd7
33. Kf2 Kc6 34. Ba5 b6 35. Bc3 Kd5 36. Ke2 Kc4 37. Ba1 b5 38. Kf3 Kd3 39. g4 b4
40. h4 Kc4 41. Ke4 Kc5 42. f5 gxf5+ 43. gxf5 Bh6 44. fxe6 Bf8 45. Kf5 Be7 46.
h5 a5 47. Bb2 a4 48. Bc1 Kd5 49. Bb2 a3 50. Bc1 b3 51. axb3 a2 52. Bb2 Ba3 53.
Bc3 Bb4 54. Bb2 Ba3 55. Ba1 Be7 56. b4 Kc4 57. b5 Kxb5 58. Ke4 Kc4 59. Bb2 Kb3
60. Ba1 Kc4 61. Bb2 Kb3 62. Bd4 Kc4 1/2-1/2

[Event "IV Torneo B"]
[Site "Assisi ITA"]
[Date "2008.12.22"]
[Round "6"]
[White "Bassini, Massimo"]
[Black "Rampini, Carlo"]
[Result "1/2-1/2"]
[WhiteElo "1545"]
[BlackElo "1488"]
[PlyCount "102"]
[EventDate "2008.12.20"]

1. d4 Nf6 2. Nf3 d6 3. c4 g6 4. Nc3 Bg7 5. e3 O-O 6. h3 Nbd7 7. Bd3 e5 8. dxe5
dxe5 9. e4 c6 10. O-O Re8 11. Bg5 Qb6 12. b3 Nc5 13. Be3 Qa5 14. Qc2 Nxd3 15.
Qxd3 Nh5 16. Ne2 f5 17. Bd2 Qc7 18. Rae1 fxe4 19. Qxe4 Bf5 20. Qe3 Rad8 21. Nc1
Nf4 22. Bc3 Bd3 23. Nxd3 Rxd3 24. Qc1 Bh6 25. Qb2 Rxf3 26. Bxe5 Rxe5 27. Rxe5
Nxh3+ 28. gxh3 Bg7 29. Rfe1 Bxe5 30. Qxe5 Qxe5 31. Rxe5 Kf7 32. Kg2 Rc3 33. Re2
a5 34. Rd2 b5 35. Rd7+ Ke6 36. Rxh7 bxc4 37. bxc4 Rxc4 38. Ra7 Ra4 39. Rg7 Kf5
40. Rc7 Rxa2 41. Rxc6 a4 42. Ra6 g5 43. Kg3 Ra1 44. Ra5+ Kg6 45. h4 gxh4+ 46.
Kxh4 a3 47. Kg3 Kf6 48. Kf3 Ke6 49. Ke2 Kd6 50. Kd2 Kc6 51. Kc2 Ra2+ 1/2-1/2

[Event "IV Torneo B"]
[Site "Assisi ITA"]
[Date "2008.12.22"]
[Round "6"]
[White "Cesarini, Leopoldo"]
[Black "Giri, Giovanni"]
[Result "1-0"]
[WhiteElo "1920"]
[BlackElo "1836"]
[PlyCount "53"]
[EventDate "2008.12.20"]

1. Nf3 Nf6 2. d4 g6 3. g3 Bg7 4. Bg2 O-O 5. O-O d6 6. Nc3 d5 7. Bf4 c6 8. Qd2
Bf5 9. Nh4 Qd7 10. Nxf5 Qxf5 11. f3 Na6 12. g4 Qd7 13. Bh6 Rfe8 14. Bxg7 Kxg7
15. h3 e5 16. e3 Re7 17. Rf2 Rae8 18. Raf1 Qd6 19. f4 exd4 20. exd4 Ne4 21.
Bxe4 dxe4 22. Qe3 f5 23. a3 Nc7 24. gxf5 gxf5 25. Rg2+ Kh8 26. d5 Nxd5 27. Nxd5
1-0

[Event "IV Torneo B"]
[Site "Assisi ITA"]
[Date "2008.12.22"]
[Round "6"]
[White "Mannori, Giampaolo"]
[Black "Fratini, Mauro"]
[Result "0-1"]
[WhiteElo "1515"]
[BlackElo "1940"]
[PlyCount "68"]
[EventDate "2008.12.20"]

1. e4 Nf6 2. e5 Nd5 3. d4 d6 4. exd6 cxd6 5. Nf3 g6 6. Be2 Bg7 7. c3 Nc6 8. O-O
O-O 9. Nbd2 a6 10. Ne4 b5 11. Bd2 Bb7 12. Ng3 e5 13. dxe5 dxe5 14. Qc2 f5 15.
Rad1 Qc8 16. c4 Nde7 17. cxb5 axb5 18. Bxb5 h6 19. Bc3 Kh7 20. b3 Nd4 21. Qd3
Nxb5 22. Qxb5 Bxf3 23. Rd3 Bc6 24. Qc5 Nd5 25. Ne2 Nxc3 26. Nxc3 Qb7 27. f3 Qa7
28. Qxa7 Rxa7 29. Rc1 Ba8 30. b4 e4 31. fxe4 fxe4 32. Rdd1 e3 33. a4 e2 34. Re1
Bd4+ 0-1

[Event "IV Torneo B"]
[Site "Assisi ITA"]
[Date "2008.12.22"]
[Round "6"]
[White "Marcugini, Stefano"]
[Black "Ferri, Fabio"]
[Result "1/2-1/2"]
[WhiteElo "1931"]
[BlackElo "1845"]
[PlyCount "101"]
[EventDate "2008.12.20"]

1. e4 d5 2. exd5 Nf6 3. Nc3 Nxd5 4. Nxd5 Qxd5 5. Nf3 e5 6. d3 Nc6 7. Be2 Be7 8.
O-O Bf5 9. Be3 O-O-O 10. c4 Qe6 11. Ng5 Bxg5 12. Bxg5 f6 13. Be3 Nd4 14. Bxd4
Rxd4 15. Qb3 Bg4 16. Bxg4 Qxg4 17. c5 c6 18. Rac1 h5 19. Rc3 h4 20. h3 Qf5 21.
Qf7 g5 22. Qb3 Rd7 23. Qc4 Rd4 24. Qf7 Rh7 25. Qg8+ Rd8 26. Qc4 Rg7 27. Qa4 Kb8
28. Qxc6 g4 29. hxg4 Qxg4 30. Qe4 Rdg8 31. c6 Qxg2+ 32. Qxg2 Rxg2+ 33. Kh1 b6
34. Rc4 Kc7 35. Rxh4 Kxc6 36. Rh6 R8g6 37. Rxg6 Rxg6 38. Rc1+ Kd6 39. Rc4 f5
40. f4 Rg4 41. fxe5+ Kxe5 42. Rc7 Rb4 43. Rxa7 Rxb2 44. Rb7 Rxa2 45. Rxb6 Rd2
46. Kg1 Rxd3 47. Rb8 Ke4 48. Rf8 f4 49. Kf2 Rd2+ 50. Ke1 Rh2 51. Ra8 1/2-1/2

[Event "IV Torneo B"]
[Site "Assisi ITA"]
[Date "2008.12.22"]
[Round "6"]
[White "Marinucci, Johnny"]
[Black "Tortolini, Francesco"]
[Result "0-1"]
[WhiteElo "1746"]
[BlackElo "1917"]
[PlyCount "150"]
[EventDate "2008.12.20"]

1. d4 e6 2. Bf4 Nf6 3. e3 b6 4. Nd2 Bb7 5. Ngf3 c5 6. c3 Be7 7. h3 O-O 8. Bd3
Nc6 9. Nc4 d6 10. O-O cxd4 11. exd4 b5 12. Ncd2 Qb6 13. Qe2 a6 14. Ne4 Nd8 15.
Nxf6+ Bxf6 16. Ng5 Bxg5 17. Bxg5 Qc6 18. Qg4 f5 19. Qg3 Nf7 20. Bf6 Qxg2+ 21.
Qxg2 Bxg2 22. Kxg2 gxf6 23. Rae1 Nd8 24. f4 d5 25. Rg1 Kf7 26. Kg3 Rg8+ 27. Kh4
Nb7 28. Kh5 Rg6 29. Bc2 Rag8 30. Rxg6 hxg6+ 31. Kh4 Nd6 32. Kg3 Ne4+ 33. Kg2 g5
34. Kf3 g4+ 35. hxg4 fxg4+ 36. Kg2 f5 37. Rh1 Kg7 38. a4 Rh8 39. Ra1 Rb8 40.
axb5 Rxb5 41. Ra2 Kg6 42. Bd3 Rb8 43. Bxa6 Ra8 44. Bc4 Rxa2 45. Bxa2 Nd6 46.
Bb1 Kf6 47. Bd3 Ke7 48. b3 Kd7 49. c4 Kc6 50. Kf1 Ne8 51. Kf2 Nf6 52. Ke3 Nh5
53. cxd5+ Kxd5 54. Bc4+ Kd6 55. b4 Nf6 56. b5 Nd5+ 57. Kf2 Nxf4 58. Kg3 Nd5 59.
Bf1 Kc7 60. Bc4 Kd6 61. Bd3 Nb4 62. Bc4 Nc2 63. b6 Nxd4 64. b7 Kc7 65. Kf4 Kxb7
66. Ke5 g3 67. Bf1 Nc2 68. Kf4 Kc7 69. Kxg3 Kd6 70. Kf4 Nd4 71. Bd3 e5+ 72. Ke3
Kd5 73. Ba6 f4+ 74. Kf2 e4 75. Bb7+ Ke5 0-1